| 000 | 01423nam a22002537a 4500 | ||
|---|---|---|---|
| 005 | 2012062706496.0 | ||
| 010 | _aB-458559-563 | ||
| 020 |
_a9788129102355 _c295.00 |
||
| 035 | _aB-458559-563 | ||
| 037 |
_adpl _bK .K. pub / ven |
||
| 082 | _a920 | ||
| 100 |
_aSingh, K . Natwar _949595 |
||
| 245 | _aProfiles and Letters / by K. Natwar Singh | ||
| 260 |
_aNew Delhi _bRupa _c1997 |
||
| 270 |
_a7/16 Ansari Road Daryaganj _bNew Delhi |
||
| 300 |
_aix, 257pg _c22cm |
||
| 942 |
_2ddc _cEN _h920 _mSIN |
||
| 999 |
_c68201 _d68201 |
||